| 000 | 00427pab a2200145 454500 | ||
|---|---|---|---|
| 008 | 180718b2015 xxu||||| |||| 00| 0 eng d | ||
| 100 | _aStange, Kevin | ||
| 245 | _aDifferential pricing in undergraduate education: effects on degree production by field | ||
| 260 | _c2015 | ||
| 300 | _ap.107-135. | ||
| 362 | _aWinter | ||
| 650 | _aHigher education | ||
| 773 | _aJournal of Policy Analysis and Management | ||
| 909 | _a108715 | ||
| 999 |
_c108710 _d108710 |
||